Normal view
MARC view
- Hussain, Mansoor
Entry Personal Name
001 - CONTROL NUMBER
- control field: 15989
003 - CONTROL NUMBER IDENTIFIER
- control field: NUST
005 - DATE AND TIME OF LATEST TRANSACTION
- control field: 20190628115126.0
008 - FIXED-LENGTH DATA ELEMENTS
- fixed length control field: 190628|| aca||aabn | a|a d
040 ## - CATALOGING SOURCE
- Original cataloging agency: NUST
- Transcribing agency: NUST
100 ## - HEADING--PERSONAL NAME
- Personal name: Hussain, Mansoor
670 ## - SOURCE DATA FOUND
- Source citation: Work cat.: (NUST): Hussain, Mansoor, Titanium dioxide based resistive switching devices /, 2017.
